[Event "HCL-B240"]
[Site "www.playchess.de"]
[Date "2001.03.27"]
[Round "7"]
[White "Michael_Schenk"]
[Black "Translightor"]
[WhiteElo "1228"]
[BlackElo "1486"]
[PlyCount "97"]
[Result "1-0"]

1.e4 {Hallo mal wieder. Viel Spass!}  c5 {Dir 
auch!}  2.Nf3 e6 3.d4 cxd4 4.Nxd4 a6 5.Bd3 b5 
6.O-O Bb7 7.Nd2 d6 8.c4 bxc4 9.Nxc4 Nf6 10.Re1 Be7 
11.Qb3 Qc7 12.Bf4 e5 13.Rec1 Nc6 {Hilfe, ist das 
kompliziert! Alles hängt bei Dir, und trotzdem 
habe ich kaum Züge, die funktionieren!}  14.Nf5 
{Stimmt; ich habe allerdings auch noch keine 
Ahnung, ob ich da heil rauskomme ;-)}  exf4 {Jetzt 
ist mir alles egal! Zeig, was Du kannst!}  15.e5 
{Ich will´s versuchen.}  dxe5 {Dies wäre meine 
dritte Niederlage heute.}  16.Nxe5 {Solche Tage 
kenne ich ;-)}  Qxe5 {Was man hat, das hat man!}  
17.Qxb7 {Genau.}  O-O {Habe jetzt die dritte 
Partie gegen jemand anders verloren - Selbstmatt!} 
 18.Qxc6 {Sowas ist ärgerlich. Dafür siehts hier 
fast nach Ausgleich aus.}  Bb4 {Es hätte schlimmer 
kommen können. Trotzdem bin ich noch nicht aus dem 
Schneider.}  19.a3 {Vielleicht habe ich mit 15. e5 
auch zu sehr forciert.}  Bd2 {Fritz wird alles 
besser wissen! Wir blitzen hier nur.}  20.Rc2 
{Auch wieder war. Für die Analyse ist immer noch 
Zeit.}  Ba5 {Irgendwie stört mich dieser Läufer 
nur. Aber zum Einstellen ist er mir auch zu 
schade!}  21.Rac1 {och, ich wuerd mich nicht 
beschweren ;-)}  Qe6 22.b4 Bb6 23.Qf3 Rab8 24.Qxf4 
Kh8 25.Nxg7 Kxg7 {Was war das jetzt wieder für ein 
Rambo-Zug?}  26.R2c6 {mal schaun...}  Qe7 {Jetzt 
sehe ich's auch. Hier spielt eben Rambo gegen Mr. 
Bean.}  27.Qg5+ {Na ja, noch stehts nach Partien 
1-0 für Dich.}  Kh8 {Noch...}  28.Qxf6+ Qxf6 
29.Rxf6 a5 {Wird ja wohl mit zwei Minusbauern 
locker remis zu halten sein...}  30.Rh6 {lol}  f5 
31.g3 axb4 32.axb4 Bd4 33.b5 Bg7 34.Rd6 Rb7 35.f4 
Bb2 36.Rb1 Ba3 37.Rd5 Rc8 38.Bxf5 Rc5 39.Rxc5 
Bxc5+ 40.Kf1 Bb6 41.Ke2 Kg7 42.Kf3 Kf6 43.Rd1 Bc5 
44.g4 Rxb5 45.Bxh7 Rb4 46.g5+ {Nicht bös werden, 
aber muessen wir das noch ausspielen?}  Kg7 {Ich 
werde Dir den Sieg wohl bald glauben. Aber ich 
habe noch viel deutlichere Gewinnstellungen laufe} 
 47.Rd7+ {Also weiter gehts ;-)}  Kf8 48.g6 Rb3+ 
{Das berühmte Racheschach, verbunden mit einem 
herzlichen Glückwunsch für den Sieg!}  49.Kg4 
{Wird dankend angenommen.}  1-0

[Event "ACL-A131"]
[Site "www.playchess.de"]
[Date "2001.03.27"]
[Round "5"]
[White "ggaarrii"]
[Black "liero2"]
[WhiteElo "1211"]
[BlackElo "1500"]
[PlyCount "49"]
[Result "1-0"]

1.e4 e5 2.Nf3 d6 3.Bc4 Nf6 4.Nc3 Be7 5.d4 exd4 
6.Qxd4 Nc6 7.Qd3 Nb4 8.Qd1 Bg4 9.O-O Bxf3 10.gxf3 
Qd7 11.e5 dxe5 12.Bxf7+ Kxf7 13.Qe2 Qf5 14.Qc4+ 
Kf8 15.Ne4 Nxe4 16.fxe4 Qg4+ 17.Kh1 Qf3+ 18.Kg1 c6 
19.Be3 b6 20.a3 Nxc2 21.Qxc2 c5 22.Rad1 g6 23.Rd3 
Qxe4 24.Rd8+ Rxd8 25.Qxe4 1-0

[Event "HCL-B240"]
[Site "www.playchess.de"]
[Date "2001.03.27"]
[Round "18"]
[White "iq160"]
[Black "Inge_Heumann"]
[WhiteElo "1508"]
[BlackElo "1895"]
[PlyCount "22"]
[Result "0-1"]

1.e4 e6 {Hallihallo! Auf eine nette Partie!}  2.d4 
d5 3.exd5 exd5 4.Nf3 Bd6 5.c4 dxc4 6.Bxc4 Qe7+ 
7.Be3 Bf4 8.Qb3 Nf6 9.Bxf7+ Qxf7 10.Qxf7+ Kxf7 
11.Bxf4 Re8+ 0-1

[Event "HCL-B240"]
[Site "www.playchess.de"]
[Date "2001.03.27"]
[Round "20"]
[White "iq160"]
[Black "Michael_Schenk"]
[WhiteElo "1508"]
[BlackElo "1228"]
[PlyCount "46"]
[Result "0-1"]

1.e4 e5 2.Nf3 Nc6 3.d4 exd4 4.Nxd4 Nf6 5.Nxc6 {ich 
will nicht angeben aber die variante spiel ich 
blind locker bis zug 25...}  bxc6 {und wer steht 
nach 25 Zügen besser ;-)}  6.e5 {deins oma}  Qe7 
{Die kann leider kein Schach.}  7.Qe2 {dein opa?}  
Nd5 {Stimmt. Der hat´s mir beigebracht.}  8.c4 Ba6 
9.b3 g6 10.f4 Bg7 11.Qf2 Nf6 12.Ba3 d6 13.Qf3 Bb7 
14.Nc3 Qe6 15.Nb5 cxb5 16.Qxb7 O-O 17.cxb5 Rfb8 
18.Qc6 Qe8 19.Bc4 dxe5 20.O-O Qxc6 21.bxc6 e4 
22.Bc5 a5 23.f5 a4 0-1

[Event "HCL-B246"]
[Site "www.playchess.de"]
[Date "2001.03.27"]
[Round "3"]
[White "Antagonist"]
[Black "Whatever"]
[WhiteElo "1500"]
[BlackElo "1505"]
[PlyCount "42"]
[Result "0-1"]

1.Nc3 d5 2.e4 d4 3.Nce2 g6 4.e5 Bg7 5.Nf3 Nc6 
6.Ng3 Nxe5 7.h4 Bg4 8.h5 Qd5 9.Be2 Nxf3+ 10.Kf1 
Nxd2+ 11.Bxd2 Bxe2+ 12.Qxe2 O-O-O 13.hxg6 hxg6 
14.Rxh8 Bxh8 15.Qg4+ Kb8 16.Qe4 f5 17.Qh4 Nf6 
18.Qh6 Qf7 19.a4 e5 20.Ne2 Ne4 21.f3 
Bg7 0-1

[Event "HCL-C241"]
[Site "www.playchess.de"]
[Date "2001.03.27"]
[Round "18"]
[White "McLeod"]
[Black "Jiaolong"]
[WhiteElo "1507"]
[BlackElo "800"]
[PlyCount "21"]
[Result "1-0"]

1.e4 Nf6 2.e5 Ne4 3.d3 Nc5 4.d4 Ne6 5.d5 Nc5 6.Nf3 
e6 7.Nc3 exd5 8.Nxd5 f6 9.exf6 gxf6 10.Ne5 fxe5 
11.Qh5+ 1-0

[Event "HCL-A113"]
[Site "www.playchess.de"]
[Date "2001.03.27"]
[Round "2"]
[White "ggaarrii"]
[Black "Yogibear"]
[WhiteElo "1274"]
[BlackElo "1845"]
[PlyCount "60"]
[Result "0-1"]

1.e4 {Hello from Umag, Croatia! & good luck}  c6 
{Hi Mario, greetings from Berlin/Germany. Good 
luck and a nice game from Jürgen}  2.d4 d5 3.Nc3 
dxe4 4.Nxe4 Bf5 5.Ng3 Bg6 6.h4 h6 7.Nf3 Nd7 8.h5 
Bh7 9.Bd3 Bxd3 10.Qxd3 e6 11.Bd2 Qc7 12.Qe2 Ngf6 
13.O-O-O O-O-O 14.Ne5 Nb6 15.Ba5 c5 16.c4 Rxd4 
17.Rxd4 cxd4 18.b4 Bd6 19.f4 Nfd5 20.c5 Nxf4 
21.Qc2 Bxe5 22.Kb1 d3 23.Qd2 Qd7 24.cxb6 Qd4 
25.Rc1+ Kb8 26.bxa7+ Kxa7 27.Rc3 Qxc3 28.Qxc3 Bxc3 
29.Ne4 Be1 30.a4 b6 0-1

[Event "HCL-A113"]
[Site "www.playchess.de"]
[Date "2001.03.27"]
[Round "3"]
[White "easykiller"]
[Black "ggaarrii"]
[WhiteElo "1910"]
[BlackElo "1274"]
[PlyCount "95"]
[Result "1-0"]

1.d4 f5 2.Nf3 {Hi from Bratislava}  d5 {Hello from 
Umag, Croatia!}  3.g3 Nf6 4.Bg2 e6 5.O-O Be7 6.c4 
c6 7.Qc2 O-O 8.b3 Qc7 9.Bf4 Bd6 10.Bxd6 Qxd6 
11.Nbd2 b6 {If you're gonna kill me please do it 
fast not easy! :))}  12.Rac1 Ne4 13.Rfd1 Bd7 
14.Ne5 {be patient ...}  Be8 {I was joking...}  
15.e3 Nxd2 16.Rxd2 Nd7 17.cxd5 cxd5 18.Nxd7 Bxd7 
19.Qc7 Qxc7 20.Rxc7 Rfd8 21.Rdc2 Rac8 22.Bf1 Rca8 
23.Ba6 Kf8 24.Bb7 Rab8 25.Bc6 Ke8 26.Rxa7 Bxc6 
27.Rxc6 Rd7 28.Rxe6+ Kd8 29.Rxd7+ Kxd7 30.Re5 g6 
31.Rxd5+ Kc6 32.Re5 Rb7 33.Kf1 Ra7 34.a4 Kd6 
35.Ke2 Rc7 36.Kd2 h5 {Congratulations! I know that 
you have won a long time ago but i will play few 
more moves!}  37.f3 {OK, you can try ...}  Ra7 
38.e4 fxe4 39.fxe4 Rf7 40.Rb5 Kc7 41.Ke3 Rf1 42.d5 
Rh1 43.h4 Rg1 44.Kf4 Rd1 45.Ke5 Rd3 46.Ke6 Rxg3 
47.d6+ Kd8 48.Rxb6 1-0

[Event "HCL-C254"]
[Site "www.playchess.de"]
[Date "2001.03.27"]
[Round "4"]
[White "sander"]
[Black "MEATHEAD"]
[WhiteElo "1000"]
[BlackElo "1083"]
[PlyCount "45"]
[Result "1-0"]

1.d4 e6 2.e4 Nf6 3.Nc3 d5 4.e5 Nfd7 5.Nf3 Nb6 
6.Ng5 h6 7.Nf3 Na6 8.g3 Nc4 9.b3 Bb4 10.Qd3 c5 
11.a3 Ba5 12.bxc4 Rb8 13.cxd5 exd5 14.Rb1 Bxc3+ 
15.Qxc3 c4 16.a4 Bf5 17.Ba3 Rc8 18.h4 Be4 19.Bh3 
Rc6 20.Kd2 Bxf3 21.Qxf3 c3+ 22.Ke2 f6 
23.Qh5+ 1-0

[Event "HCL-A113"]
[Site "www.playchess.de"]
[Date "2001.03.27"]
[Round "11"]
[White "Yogibear"]
[Black "Gruhni"]
[WhiteElo "1845"]
[BlackElo "1249"]
[PlyCount "53"]
[Result "1-0"]

1.d3 {Hi Andreas,schön,dass du dabei bist!Freue 
mich auf diese Partie,dir viel Spass und Erfolg!}  
c5 {Hi Jürgen. Freue mich ebenfalls auf diese 
Partie! Bin ja in diesem Turnier eher Aussenseiter 
:-)}  2.e4 {ja, eine sehr startke Gruppe.Denke, 
dass ich auch nicht viel Chancen habe! Gruß 
Jürgen}  Nc6 {Aber gerade aus den Partien gegen 
starke Gegner lernt man!}  3.Nc3 {ja 
stimmt,seitdem ich hier spiele, habe ich meine 
Spielstärke m.A. bereits gesteigert!}  e6 4.Nf3 d6 
5.d4 {jetzt wirds endlich Sizilianisch!}  c4 
6.Bxc4 a6 {Das kommt davon, wenn man versucht 
gleichzeitig zu arbeiten und Schach zu spielen :(} 
 7.O-O {Stört mich überhaupt nicht, dass du beim 
Schachspielen arbeitest *g*!}  b5 {Glaub' ich. 
Eigentlich ist es ja umgekehrt. Ich versuche 
während der Arbeit Schach zu spielen :)}  8.Bb3 
{so mags der Chef auch lieber!}  Na5 9.Re1 Nxb3 
10.axb3 Be7 11.Nxb5 Bb7 {Is ja gut. Kriegs du halt 
noch nen Bauern :)}  12.Nc3 {sowas wird schnell 
übersehen - besonders beim Arbeiten!}  Nf6 13.e5 
Nd5 14.Nxd5 Bxd5 15.exd6 Bxd6 16.c4 Bxf3 17.Qxf3 
O-O 18.Re4 Be7 19.Bf4 Bg5 20.Bxg5 Qxg5 21.Qg3 Qd2 
22.Qc3 Qxc3 23.bxc3 Rab8 24.b4 Rfc8 25.c5 Rc6 
26.Re2 Ra8 27.b5 1-0

[Event "HCL-A113"]
[Site "www.playchess.de"]
[Date "2001.03.27"]
[Round "13"]
[White "ggaarrii"]
[Black "Gruhni"]
[WhiteElo "1274"]
[BlackElo "1249"]
[PlyCount "41"]
[Result "1-0"]

1.e4 e5 2.Nf3 Nc6 3.Bc4 Bc5 4.c3 d6 5.d4 exd4 
6.cxd4 Bb4+ 7.Kf1 Bg4 8.Qb3 Bh5 9.d5 Bxf3 10.dxc6 
Bxg2+ 11.Kxg2 a5 12.Bxf7+ Kf8 13.cxb7 Rb8 14.Be3 
Qh4 15.Nc3 Qg4+ 16.Kf1 Qh3+ 17.Ke1 Qg2 18.Kd2 Rxb7 
19.Bd5 Bxc3+ 20.Qxc3 Rb8 21.Rhg1 1-0

[Event "HCL-C253"]
[Site "www.playchess.de"]
[Date "2001.03.27"]
[Round "4"]
[White "suez"]
[Black "King_Slayer"]
[WhiteElo "1404"]
[BlackElo "1229"]
[PlyCount "47"]
[Result "1-0"]

1.e4 e6 2.d4 d5 3.Nc3 Bb4 4.e5 {What part of 
Ireland are you from?}  c5 5.Qg4 Ne7 6.Nf3 cxd4 
7.Nxd4 Qc7 {Dublin, and where in USA are you 
from?}  8.Bb5+ {Illinois.  Do you have a favorite 
player?  Fischer, Kasparov, Tal, Who?}  Bd7 
{probably Kasparov}  9.O-O {Great player.  I favor 
Fischer, his chess that is.}  Bxc3 10.bxc3 Qxc3 
11.Rb1 Bxb5 12.Nxb5 Qxc2 13.Bg5 Na6 14.Nd6+ Kd7 
15.Rxb7+ Nc7 16.Rc1 Qxc1+ 17.Bxc1 Rab8 18.Qxg7 
Rxb7 19.Nxb7 Rb8 20.Nc5+ Kc6 21.Qxf7 Rb1 22.Nb3 
Nf5 23.Qxh7 Nb5 24.g4 1-0

[Event "HCL-B258"]
[Site "www.playchess.de"]
[Date "2001.03.27"]
[Round "10"]
[White "Whatever"]
[Black "Zeus"]
[WhiteElo "1508"]
[BlackElo "1779"]
[PlyCount "42"]
[Result "1/2-1/2"]

1.e4 {Zeus - is that you? 'Whatever they feed us?' 
Have a good game.}  c5 {You too my friend!}  2.Nf3 
Nc6 {How are you doing in your other tourny's?}  
3.d4 {I just lost a rook because I forgot to 
castle first - but other than that - ok. What 
about you?}  cxd4 {OK.  I played a guy rated 1100 
who made no mistakes.  It ended in a draw. I think 
he had some "help"}  4.Nxd4 {The thing with 
1100-flat is the understatement that is just 
costing you rating points. Sorry though.}  g6 {Oh 
well, you encounter all types.  Have you read the 
Forum postings?}  5.c4 {No - what about them?}  
Bg7 {There is a guy named ffossa who is wacked out 
completely.}  6.Be3 {I just checked and I see what 
you mean.}  Nf6 {Strange person indeed.}  7.Nc3 
Ng4 8.Qxg4 Nxd4 9.Qd1 Ne6 10.Rc1 b6 11.Bd3 Bb7 
12.O-O {That's it for today. See you soon.}  O-O 
{Me too...see you.}  13.Bb1 Rc8 14.b3 {You would 
not have guessed from my poor play, but I just got 
promoted to class A :-)}  d6 {Congratulations!}  
15.Qd2 a5 16.Nd5 Nc5 17.Bg5 Re8 18.Rfe1 {I would 
settle for a draw today}  Ba8 {Let's play a while 
longer...}  19.f4 f6 20.Bh4 e6 21.Nc3 
e5 1/2-1/2

[Event "HCL-C255"]
[Site "www.playchess.de"]
[Date "2001.03.27"]
[Round "36"]
[White "TRUBLU"]
[Black "Hubb"]
[WhiteElo "1000"]
[BlackElo "1101"]
[PlyCount "76"]
[Result "0-1"]

1.e4 e5 2.Nf3 Nf6 3.Nc3 Nc6 4.Bc4 Nxe4 5.d3 Nxc3 
6.bxc3 d5 7.Bb3 Be7 8.O-O O-O 9.Bb2 Bg4 10.h3 Bh5 
11.Qe2 Bf6 12.Rae1 Bxf3 13.Qxf3 Ne7 14.d4 e4 
15.Qe2 c6 16.Ba3 Re8 17.f3 Bh4 18.Reb1 Nf5 19.Rfd1 
Qa5 20.Bb4 Ng3 21.Qe3 Qd8 22.c4 Nf5 23.Qe2 Qg5 
24.Bd2 e3 25.Be1 Ng3 26.Bxg3 Bxg3 27.cxd5 Bf4 
28.g4 cxd5 29.Ba4 Re7 30.Rb5 h5 31.c4 Rd8 32.Rdb1 
hxg4 33.fxg4 Qh4 34.Qf3 g5 35.cxd5 e2 36.R5xb7 
e1Q+ {%}  37.Rxe1 Qxe1+ 38.Qf1 
Qg3+ 0-1

[Event "HCL-A112"]
[Site "www.playchess.de"]
[Date "2001.03.27"]
[Round "2"]
[White "iq160"]
[Black "One_i"]
[WhiteElo "1543"]
[BlackElo "1726"]
[PlyCount "42"]
[Result "0-1"]

1.c4 Nf6 {Good luck to you from Canada}  2.e3 e6 
3.a3 b6 4.d4 Bb7 5.Nf3 Be7 6.Nbd2 Ne4 7.Bd3 Nxd2 
8.Bxd2 d6 9.O-O Nd7 10.b4 {you have a propensity 
for e4-d5?! that's why I played c4}  Nf6 {you have 
a propensity for winning tournaments. my goal is 
not to place last}  11.Re1 {lol}  d5 12.Rc1 O-O 
13.cxd5 exd5 14.Qc2 Rc8 15.Bf5 {I do my best}  Nd7 
16.Ne5 Nxe5 {now you're in big trouble}  17.Bxc8 
{sorry, who is in big trouble?}  Bxc8 {i planned 
this move 15 moves ago}  18.dxe5 {you plan to lose 
a rook???}  c5 19.Red1 Bb7 20.Bc3 {and I have 
planned to checkmate u in less than 15 moves:-)}  
Qa8 {Idon't understand, why do you want to lose 
your queen?}  21.Qf5 Bc8 0-1

[Event "HCL-C261"]
[Site "www.playchess.de"]
[Date "2001.03.27"]
[Round "8"]
[White "MEATHEAD"]
[Black "olaf"]
[WhiteElo "1030"]
[BlackElo "1446"]
[PlyCount "38"]
[Result "0-1"]

1.e4 e5 2.Nf3 Nc6 3.c3 Nf6 4.d3 d5 5.d4 exd4 
6.exd5 Nxd5 7.cxd4 Bb4+ 8.Bd2 Bg4 9.Qe2+ Be7 10.h3 
Nxd4 11.Qe4 Nxf3+ 12.gxf3 Be6 13.Qe5 Bf6 14.Qe2 
O-O 15.Nc3 Nxc3 16.bxc3 Re8 17.Qd1 Bb3+ 18.Be2 
Bxd1 19.Rxd1 Qd3 0-1

[Event "HCL-B116"]
[Site "www.playchess.de"]
[Date "2001.03.27"]
[Round "1"]
[White "plobi"]
[Black "csadler"]
[WhiteElo "1500"]
[BlackElo "1136"]
[PlyCount "23"]
[Result "1/2-1/2"]

1.d4 Nf6 2.Nc3 e6 3.e4 Bb4 4.Bg5 Bxc3+ 5.bxc3 h6 
6.Bh4 g5 7.Bg3 Nxe4 8.Be5 Rg8 9.Ne2 Nc6 10.Ng3 
Nxc3 11.Qd3 Nd5 12.Qh7 1/2-1/2

[Event "HCL-B116"]
[Site "www.playchess.de"]
[Date "2001.03.27"]
[Round "4"]
[White "plobi"]
[Black "Bauernopfer"]
[WhiteElo "1500"]
[BlackElo "1262"]
[PlyCount "49"]
[Result "1/2-1/2"]

1.d4 d5 2.c4 dxc4 3.e4 e6 4.Nc3 Nc6 5.Nf3 Bb4 
6.Qa4 Nf6 7.a3 Bxc3+ 8.bxc3 Nxe4 9.Qxc4 Nd6 10.Qb3 
O-O 11.Bd3 Na5 12.Qc2 g6 13.h4 b6 14.Bh6 Re8 
15.Bg5 f6 16.Bxg6 fxg5 17.Bxh7+ Kf8 18.Nxg5 Qf6 
19.Be4 Qg7 20.Bxa8 e5 21.Kf1 exd4 22.cxd4 Qxd4 
23.Nh7+ Kg7 24.Qxc7+ Kh8 25.Rc1 1/2-1/2

[Event "HCL-B116"]
[Site "www.playchess.de"]
[Date "2001.03.27"]
[Round "5"]
[White "Bauernopfer"]
[Black "csadler"]
[WhiteElo "1262"]
[BlackElo "1136"]
[PlyCount "21"]
[Result "1-0"]

1.e4 c6 2.c3 d5 3.exd5 cxd5 4.d4 Nf6 5.Nf3 Bg4 
6.h3 Bh5 7.Be2 e6 8.O-O Bd6 9.Ne5 Qd7 10.Nxd7 
Nbxd7 11.Bxh5 1-0

[Event "HCL-B072"]
[Site "www.playchess.de"]
[Date "2001.03.28"]
[Round "5"]
[White "Jeff_Foster"]
[Black "DTG007"]
[WhiteElo "1441"]
[BlackElo "1090"]
[PlyCount "77"]
[Result "1-0"]

1.e4 e5 2.Nf3 Nc6 3.Bc4 Bc5 4.c3 Nf6 5.d4 exd4 
6.cxd4 Bb4+ 7.Bd2 Bxd2+ 8.Nbxd2 d5 9.exd5 Nxd5 
10.O-O Bg4 11.Re1+ Be6 12.Rc1 O-O 13.b3 Nf4 
14.Bxe6 Nxe6 15.d5 Qxd5 16.Nc4 Qxd1 17.Rcxd1 Rad8 
18.Rxd8 Rxd8 19.h4 b5 20.Nce5 Nxe5 21.Nxe5 Rd2 
22.Ra1 a5 23.Nc6 a4 24.bxa4 bxa4 25.Nb4 c5 26.Nc6 
Rd6 27.Na5 Rd2 28.a3 Rd3 29.Kf1 Rd2 30.g3 Kf8 
31.Nc4 Rd3 32.Nb6 Rd4 33.Ke2 Ke7 34.Rd1 Rxd1 
35.Kxd1 Kd6 36.Nxa4 c4 37.Kc2 Kd5 38.Kc3 h5 
39.Nb2 1-0

[Event "HCL-B075"]
[Site "www.playchess.de"]
[Date "2001.03.28"]
[Round "4"]
[White "axl_zet_"]
[Black "kherubim"]
[WhiteElo "1200"]
[BlackElo "1585"]
[PlyCount "101"]
[Result "1/2-1/2"]

1.d4 d5 2.c4 e6 3.Nc3 Nf6 4.Bg5 Nbd7 5.e3 c6 
6.cxd5 exd5 7.Bd3 g6 8.Nge2 Bg7 9.O-O h6 10.Bh4 
Qe7 11.Re1 O-O 12.Rc1 Re8 13.Qb3 g5 14.Bg3 Ne4 
15.Qc2 Nb6 16.a4 a5 17.Bxe4 dxe4 18.Rcd1 Bf5 19.d5 
cxd5 20.Nxd5 Nxd5 21.Rxd5 Rec8 22.Nc3 Qe6 23.Qd1 
Bxc3 24.bxc3 Rxc3 25.Rd6 Rd3 26.Rxd3 exd3 27.e4 
Bg6 28.Qxd3 f5 29.f3 fxe4 30.Qb1 Qc6 31.fxe4 Re8 
32.Qb3+ Re6 33.Qd5 Qxd5 34.exd5 Rxe1+ 35.Bxe1 Be4 
36.d6 Kf7 37.Bxa5 Bc6 38.Kf2 Ke6 39.Bb4 Bxa4 
40.Kg3 Bc6 41.h4 Kf5 42.h5 b5 43.Bc3 Ke6 44.Bg7 
Be8 45.Kg4 Bd7 46.Bxh6 Kf6+ 47.Kf3 b4 48.Ke3 b3 
49.Kd3 Bg4 50.Kc3 Bxh5 51.Bxg5+ 1/2-1/2

[Event "HCL-B082"]
[Site "www.playchess.de"]
[Date "2001.03.28"]
[Round "1"]
[White "Erik"]
[Black "DTG007"]
[WhiteElo "1300"]
[BlackElo "956"]
[PlyCount "85"]
[Result "1-0"]

1.d4 d5 2.Bf4 Nf6 3.Nc3 b6 4.Nb5 Na6 5.f3 e6 6.a3 
c6 7.Nc3 c5 8.e3 Bd6 9.Bb5+ Ke7 10.Bg5 Nc7 11.Bc6 
Rb8 12.Qd3 Bd7 13.Bxd7 Qxd7 14.O-O-O c4 15.Qe2 
Rhe8 16.e4 Kf8 17.e5 Bxa3 18.bxa3 h6 19.exf6 hxg5 
20.fxg7+ Kxg7 21.Qe5+ f6 22.Qe2 a5 23.f4 b5 
24.fxg5 fxg5 25.Qg4 Qe7 26.Nf3 Kg6 27.h4 b4 
28.axb4 axb4 29.Na4 c3 30.Ne5+ Kg7 31.Nc5 Rba8 
32.Nb3 Ra1+ 33.Nxa1 b3 34.Qxg5+ Qxg5+ 35.hxg5 b2+ 
36.Kb1 bxa1R+ 37.Kxa1 Ra8+ 38.Kb1 Ra4 39.Rdf1 Rb4+ 
40.Ka2 Rb2+ 41.Ka3 Nb5+ 42.Ka4 Ra2+ 
43.Kxb5 1-0

[Event "HCL-B102"]
[Site "www.playchess.de"]
[Date "2001.03.28"]
[Round "5"]
[White "Scorpio"]
[Black "dmitry"]
[WhiteElo "1300"]
[BlackElo "1347"]
[PlyCount "46"]
[Result "0-1"]

1.e4 e5 2.Nf3 Nc6 3.Bc4 Nf6 4.Nc3 Bc5 5.O-O d6 
6.h3 O-O 7.d3 h6 8.Nd5 Be6 9.Nxf6+ Qxf6 10.Bxe6 
Qxe6 11.c3 Qf6 12.b4 Bb6 13.a4 a6 14.a5 Ba7 15.Bb2 
Rad8 16.Nd2 d5 17.exd5 Rxd5 18.Ne4 Qg6 19.c4 Rd7 
20.b5 axb5 21.cxb5 Nd4 22.Bxd4 Bxd4 23.Ra4 
Rfd8 0-1

[Event "HCL-B108"]
[Site "www.playchess.de"]
[Date "2001.03.28"]
[Round "6"]
[White "Gliskardi"]
[Black "Ralfs"]
[WhiteElo "1500"]
[BlackElo "1200"]
[PlyCount "55"]
[Result "1-0"]

1.e4 e5 2.Nf3 Nc6 3.Bc4 Nf6 4.d3 h6 5.a3 Bc5 6.b4 
Bb6 7.Be3 d6 8.Qd2 O-O 9.O-O Bg4 10.Nh4 Nxe4 
11.dxe4 Qxh4 12.Nc3 Ne7 13.f3 Be6 14.Bxe6 {Hi}  
fxe6 15.Bxb6 axb6 16.Qe2 c6 17.b5 Rf6 18.Rfd1 Rd8 
19.Na4 Nc8 {Hi}  20.c4 Rdf8 21.Qe3 c5 22.Rd2 Rg6 
23.Nc3 Qh3 24.Kh1 Qh5 25.Qe2 Rf4 26.Nd1 Rh4 27.g4 
Rhxg4 28.fxg4 1-0

[Event "HCL-C148"]
[Site "www.playchess.de"]
[Date "2001.03.28"]
[Round "29"]
[White "Nunogomez"]
[Black "Translightor"]
[WhiteElo "849"]
[BlackElo "980"]
[PlyCount "50"]
[Result "0-1"]

1.e4 c5 {Olá! Muito prazer.}  2.Nf3 e6 3.d4 cxd4 
4.Nxd4 a6 5.Nc3 b5 6.a3 Bb7 7.Bd3 d6 8.Qe2 Nd7 
9.a4 b4 10.Na2 d5 11.c3 bxc3 12.Nxc3 Nc5 13.exd5 
Nxd3+ 14.Qxd3 Bxd5 15.Nxd5 Qxd5 16.Be3 e5 17.O-O 
Nf6 18.Rfe1 Bb4 19.Re2 O-O 20.Bh6 exd4 21.Qg3 Nh5 
22.Qg4 Kh8 23.Bg5 g6 24.f4 f5 25.Qh3 
d3 0-1

[Event "HCL-E015"]
[Site "www.playchess.de"]
[Date "2001.03.28"]
[Round "3"]
[White "DrTarrasch"]
[Black "sicili"]
[WhiteElo "2000"]
[BlackElo "2000"]
[PlyCount "49"]
[Result "1-0"]

1.d4 Nf6 2.c4 d6 3.Nc3 Nbd7 4.Nf3 g6 5.Bg5 Bg7 
6.e4 c5 7.Be2 O-O 8.O-O cxd4 9.Nxd4 Nc5 10.f3 Ne6 
11.Be3 Nxd4 12.Bxd4 Nh5 13.Bxg7 Nxg7 14.Qd4 Bd7 
15.Rfd1 Bc6 16.b4 Qc7 17.b5 Ne6 18.Qe3 Be8 19.Nd5 
Qd8 20.e5 Nc7 21.Nc3 f5 22.c5 {!}  Bf7 23.cxd6 
exd6 24.exd6 Ne8 25.d7 1-0

[Event "HCL-E015"]
[Site "www.playchess.de"]
[Date "2001.03.28"]
[Round "21"]
[White "Goofy"]
[Black "houtduwer"]
[WhiteElo "2001"]
[BlackElo "1987"]
[PlyCount "63"]
[Result "1/2-1/2"]

1.d4 Nf6 2.c4 e5 3.dxe5 Ne4 4.a3 d6 5.Nf3 Bf5 
6.Nbd2 dxe5 7.Nxe4 Qxd1+ 8.Kxd1 Bxe4 9.Nxe5 Bd6 
10.Nd3 Nc6 11.f3 Bg6 12.e4 O-O-O 13.h4 h6 14.h5 
Bh7 15.Kc2 f5 16.exf5 Bxf5 17.Be3 Ne5 18.Rd1 Nxc4 
19.Bf2 Rhe8 20.Rh4 Ne3+ 21.Bxe3 Rxe3 22.Rd4 Rde8 
23.Kc1 a6 24.Kd2 Bg3 25.Rc1 Kb8 26.Rc5 Bh7 27.Rd7 
R3e7 28.Rcd5 Bd6 29.Rxe7 Rxe7 30.b4 Kc8 31.Be2 Bg3 
32.Rd4 1/2-1/2

[Event "HCL-E019"]
[Site "www.playchess.de"]
[Date "2001.03.28"]
[Round "14"]
[White "Ostap_Bender"]
[Black "Habich64"]
[WhiteElo "2000"]
[BlackElo "2000"]
[PlyCount "39"]
[Result "1-0"]

1.d4 Nf6 2.c4 c5 3.d5 e6 4.Nc3 exd5 5.cxd5 d6 6.e4 
g6 7.Nf3 Bg7 8.h3 O-O 9.Bd3 b5 10.Nxb5 Re8 11.O-O 
Nxe4 12.Re1 a6 13.Na3 Nf6 14.Rxe8+ Qxe8 {where are 
you from?}  15.Nc4 {I"m from Russia. And you?}  
Qf8 {I'm from California US, where in Russia? Is 
it cold there?}  16.Bf4 { I live in Vladivostok 
(near Japan). Its not cold here, but the winds are 
strong.}  Ne8 {how are things in Russia? Your 
English is very good.}  17.Qe2 {The spirit of 
Russian"s people is rising up.}  Nd7 {This is 
good. Is Kramnik a favorite over Kasparov?}  
18.Ng5 {The eclipse in my mind! I havent seen 
17)Nb6!}  Rb8 {yes, that would have made it 
difficult}  19.Ne4 Ne5 20.Nexd6 1-0

[Event "ACL-A065"]
[Site "www.playchess.de"]
[Date "2001.03.28"]
[Round "3"]
[White "Goofy"]
[Black "Machiavelli_________"]
[WhiteElo "1740"]
[BlackElo "1500"]
[PlyCount "89"]
[Result "0-1"]

1.d4 f5 2.c4 Nf6 3.Nc3 g6 4.g3 Bg7 5.Bg2 O-O 6.Nf3 
d6 7.d5 c6 8.O-O Qe8 9.Rb1 a5 10.Nd4 Bd7 11.Bg5 
Na6 12.Qd2 e5 13.dxe6 e.p 14.Bxe6 b3 15.Bf7 Rbd1 
16.Nc5 Bh6 17.Nfe4 Nxe4 18.Nxe4 Bxe4 19.Qxe4 Bxg7 
20.Kxg7 Qc3 21.Kg8 f3 22.Qe5 e4 23.fxe4 fxe4 
24.Be6 Qd2 25.Bh3 Rf4 26.Rxf4 Qxf4 27.Rf8 Qxe5 
28.dxe5 Ne2 29.Kf7 Kf2 30.Ke7+ Ke3 31.Bg4 Re1 
32.Rf3+ Kd2 33.Rf2 h4 34.Kd6 Ke3 35.Rxe2+ Rxe2 
36.Bxe2 Kxe2 37.Kc5 Kd3 38.Kb4 Kc2 39.Ka3 Kb1 
40.a4 Kc2 41.Kxa2 b4 42.b5 cxb5 43.cxb5 g4 44.h6 
g5 {??}  45.h5 0-1

[Event "HCL-C154"]
[Site "www.playchess.de"]
[Date "2001.03.28"]
[Round "10"]
[White "Ben-E-Gas"]
[Black "Chill"]
[WhiteElo "1000"]
[BlackElo "466"]
[PlyCount "39"]
[Result "1-0"]

1.e4 {good luck}  c5 2.Nc3 Nc6 3.Nf3 d6 4.d3 Nf6 
5.Be2 Bd7 6.Bf4 e5 7.Bg5 Be7 8.Nb5 Qa5+ 9.Nc3 Nd4 
10.Qd2 Rc8 11.a3 Bg4 12.h4 Nxf3+ 13.Bxf3 Bxf3 
14.gxf3 Nh5 15.Bxe7 Qb6 16.Rb1 f6 17.Nd5 Qa6 18.c4 
b6 19.Rg1 Kf7 20.b4 1-0